| 000 | 00854cam a22002891 4500 | ||
|---|---|---|---|
| 001 | 15144 | ||
| 003 | BD-RjUL | ||
| 005 | 20211208235746.0 | ||
| 008 | 140209s1969 enk b 001 0 eng | ||
| 020 | _a0046580263 | ||
| 035 | _a(BD-RjUL)15198 | ||
| 040 |
_aDLC _cDLC _dDLC _dBD-RjUL _beng |
||
| 041 | _aeng | ||
| 082 | 0 | 0 |
_a658.00942 _bCHB 1969 |
| 100 | 1 |
_aChild, John, _d1940- _947128 |
|
| 245 | 1 | 0 |
_aBritish management thought : _ba critical analysis / _cJohn Child. |
| 260 |
_aLondon : _bAllen & Unwin, _cc1969. |
||
| 300 |
_a272 p. ; _c23 cm. |
||
| 350 | _a55/- | ||
| 490 | 0 |
_aStudies in management, _vno. 5 |
|
| 504 | _aIncludes bibliographies & Index. | ||
| 650 | 0 |
_aIndustrial management _zGreat Britain. _92537 |
|
| 650 | 0 |
_aManagement _xResearch _zGreat Britain. _947129 |
|
| 942 |
_2ddc _cBK |
||
| 999 |
_c15144 _d15144 |
||